Sociology : (Record no. 10963)
[ view plain ]
| 000 -LEADER | |
|---|---|
| fixed length control field | 00355cam a2200133 a 4500 |
| 020 ## - ISBN | |
| International Standard Book Number | 0205319149 |
| 050 00 - LIBRARY OF CONGRESS CALL NUMBER | |
| Classification Number | HM586 |
| Item Number | .H45 2001 |
| 100 1# - MAIN ENTRY--Author | |
| Personal name | Henslin, James M. |
| 245 10 - TITLE | |
| Title | Sociology : |
| Remainder of title | a down-to-earth approach / |
| Statement of responsibility, etc | James M. Henslin. |
| 250 ## - EDITIONSTATEMENT | |
| Edition statement | 5th ed. |
| 260 ## - PUBLICATION, DISTRIBUTION, ETC.(IMPRINT) | |
| Place of publication, distribution, etc | Boston : |
| Name of publisher, distributor, etc | Allyn and Bacon, |
| Date of publication, distribution, etc | 2001. |
| 300 ## - PHYSICAL DESCRIPTION | |
| Extent | xxxvi, 728 p. : |
| 942 ## - ADDED ENTRY ELEMENTS(KOHA) | |
| Source of classification or shelving scheme | Library of Congress Classification |
| Koha item type | General circulation |
| Source of classification or shelving scheme | Not for loan | Location (home branch) | Sublocation (holding branch) | Shelving location | Date accessioned | Full call number | Barcode | Koha item type |
|---|---|---|---|---|---|---|---|---|
| Library of Congress Classification | Kitui Town Campus Library | Kitui Town Campus Library | 15/02/2016 | HM586 .H45 2001 | 2016/013368 | General circulation |